[Event "Redmond PNWCC Artist 2"]
[Site "Redmond"]
[Date "2023.09.02"]
[Round "6.3"]
[White "Thomas, Damarcus T"]
[Black "Georgiev, Vladimir"]
[Result "0-1"]
[WhiteElo "1685"]
[BlackElo "2423"]
[PlyCount "84"]
[EventDate "2023.08.29"]
[EventType "schev"]
[EventRounds "10"]
[EventCountry "USA"]
[SourceTitle "EXT 2024"]
[Source "ChessBase"]
[SourceDate "2023.10.10"]
[SourceVersion "1"]
[SourceVersionDate "2023.10.10"]
[SourceQuality "1"]
[WhiteTeam "Challengers"]
[BlackTeam "Masters"]
[WhiteTeamCountry "USA"]
[BlackTeamCountry "USA"]

1. e4 c5 2. c4 Nc6 3. Nc3 g6 4. g3 Bg7 5. Bg2 d6 6. Nge2 h5 7. h3 h4 8. g4 e5 9. d3 Nge7 10. Bg5 f6 11. Be3 f5 12. gxf5 gxf5 13. Bg5 f4 14. Nd5 Qa5+ 15. b4 Nxb4 16. Nxe7 Nc6+ 17. Qd2 Qxd2+ 18. Kxd2 Nxe7 19. Bxe7 Kxe7 20. Nc3 Bd7 21. f3 Bf6 22. Nd1 Rhg8 23. Rh2 Rg3 24. Nf2 Kf7 25. Ke2 Bd8 26. Ng4 Ba5 27. Rc1 Rb8 28. Rc2 Ba4 29. Rc1 Kg6 30. Nf2 b5 31. Rb1 Bc3 32. cxb5 Bd4 33. Nh1 Rg5 34. b6 axb6 35. Bf1 b5 36. Rg2 Rxg2+ 37. Bxg2 b4 38. Nf2 Ra8 39. Rg1 Bb5 40. Bf1+ Kf7 41. Rg2 Rxa2+ 42. Ke1 Bc3+ 0-1

[Event "Redmond PNWCC Artist 2"]
[Site "Redmond"]
[Date "2023.08.29"]
[Round "1.5"]
[White "Piasetski, Leon David"]
[Black "Thomas, Damarcus T"]
[Result "1/2-1/2"]
[WhiteElo "2218"]
[BlackElo "1685"]
[PlyCount "85"]
[EventDate "2023.08.29"]
[EventType "schev"]
[EventRounds "10"]
[EventCountry "USA"]
[SourceTitle "EXT 2024"]
[Source "ChessBase"]
[SourceDate "2023.10.10"]
[SourceVersion "1"]
[SourceVersionDate "2023.10.10"]
[SourceQuality "1"]
[WhiteTeam "Masters"]
[BlackTeam "Challengers"]
[WhiteTeamCountry "USA"]
[BlackTeamCountry "USA"]

1. c4 Nf6 2. Nc3 d5 3. cxd5 Nxd5 4. g3 Nxc3 5. bxc3 g6 6. Bg2 Bg7 7. Rb1 c6 8. Nf3 0-0 9. Qa4 Nd7 10. 0-0 Nb6 11. Qc2 e5 12. d3 h6 13. a4 Re8 14. Nd2 Qc7 15. Ba3 Bf5 16. a5 Nc8 17. Qa4 Rb8 18. c4 a6 19. Bc5 Bf8 20. Bxf8 Rxf8 21. Rb2 Bd7 22. Rfb1 f5 23. Qa3 Nd6 24. Qc3 Rfe8 25. e3 Kh7 26. Nb3 c5 27. Nd2 e4 28. dxe4 fxe4 29. Rb6 Bc6 30. Qa3 Re5 31. Qc3 Re7 32. Qc2 Rf8 33. Rxc6 bxc6 34. Nxe4 Nxe4 35. Bxe4 Qd6 36. Rb6 Qf6 37. Rxc6 Re6 38. Rxe6 Qxe6 39. Kg2 Rb8 40. h4 Qf6 41. Bf3 Kg7 42. Qd3 Rd8 43. Qe4 1/2-1/2

[Event "Clark Harmon Memorial"]
[Site "Chess.com INT"]
[Date "2020.04.05"]
[Round "?"]
[White "Wang, Felicity"]
[Black "Thomas, Damarcus T"]
[Result "0-1"]
[WhiteElo "1637"]
[BlackElo "1843"]
[PlyCount "82"]
[EventDate "2020.04.04"]
[EventType "swiss"]
[EventRounds "6"]
[EventCountry "USA"]
[SourceTitle "EXT 2024"]
[Source "ChessBase"]
[SourceDate "2023.10.10"]
[SourceVersion "1"]
[SourceVersionDate "2023.10.10"]
[SourceQuality "1"]

1. e4 e5 2. Nf3 d6 3. Bc4 Be7 4. c3 Nf6 5. d3 0-0 6. 0-0 Bg4 7. h3 Bxf3 8. Qxf3 c6 9. Qg3 Nbd7 10. f4 exf4 11. Qxf4 Ne5 12. Nd2 b5 13. Bb3 Nxd3 14. Qg3 Ne5 15. Bc2 Nh5 16. Qe3 Bg5 17. Qe1 Qb6+ 18. Kh1 Bf4 19. Nc4 bxc4 20. Bxf4 Nxf4 21. Rxf4 Qxb2 22. Rf2 Qa3 23. Qe3 Rab8 24. Qd4 Rb2 25. Kh2 f6 26. Rd2 Rd8 27. Bd1 a5 28. Be2 d5 29. Kh1 c5 30. Qe3 d4 31. Qf4 Qxc3 32. Rad1 Rxd2 33. Qxd2 Qxd2 34. Rxd2 c3 35. Rc2 d3 36. Rxc3 dxe2 37. Re3 Rd1+ 38. Kh2 e1Q 39. Rxe1 Rxe1 40. Kg3 Rxe4 41. Kf2 c4 0-1

[Event "Washington State-chD"]
[Site "Redmond"]
[Date "2019.02.24"]
[Round "8"]
[White "Thomas, Damarcus T"]
[Black "Baxter, Brent Lee"]
[Result "1-0"]
[WhiteElo "1719"]
[BlackElo "1786"]
[PlyCount "126"]
[EventDate "2019.02.16"]
[EventType "tourn"]
[EventRounds "9"]
[EventCountry "USA"]
[SourceTitle "EXT 2023"]
[Source "ChessBase"]
[SourceDate "2022.10.05"]
[SourceVersion "1"]
[SourceVersionDate "2022.10.05"]
[SourceQuality "1"]

1. d4 Nf6 2. Bf4 e6 3. e3 b6 4. Nd2 Bb7 5. Ngf3 d6 6. Bd3 Be7 7. c3 Nbd7 8. e4 h6 9. Qe2 g5 10. Bg3 Nh5 11. Nf1 c5 12. Bb5 a6 13. Bd3 b5 14. N1d2 g4 15. Ng1 Rg8 16. h3 Nxg3 17. fxg3 h5 18. h4 Qb6 19. Qe3 Rc8 20. Ne2 cxd4 21. cxd4 Ne5 22. 0-0 Nxd3 23. Qxd3 Qd8 24. Rf4 Rg7 25. Raf1 Rc7 26. a3 Qd7 27. d5 e5 28. R4f2 Qc8 29. Nc3 Rc5 30. Qe3 Rh7 31. Rf5 Qd8 32. Qf2 f6 33. Qe3 Bc8 34. R5f2 Qb6 35. Re1 Qa7 36. Rc1 Bd8 37. b4 Rcc7 38. Qe1 Bd7 39. Nb3 Rf7 40. Kh1 Rc4 41. Nd2 Rc8 42. Nf1 Bb6 43. Rfc2 Kd8 44. Qd2 Rh7 45. Qd3 Rf7 46. Nd2 Be3 47. Re1 Bd4 48. Rec1 Qb7 49. Nb3 Bb6 50. Rf1 Be8 51. Qd2 Qe7 52. Qh6 Rf8 53. Na5 Bxa5 54. bxa5 Qf7 55. Rcf2 Qe7 56. Na2 Rc4 57. Nb4 Rxe4 58. Rxf6 Rxf6 59. Rxf6 Kc7 60. Nxa6+ Kd7 61. Nb8+ Kc7 62. Na6+ Kd7 63. Re6 Qf8 1-0

[Event "Washington State-chD"]
[Site "Redmond"]
[Date "2019.02.18"]
[Round "5"]
[White "Thomas, Damarcus T"]
[Black "Mathews, Dan"]
[Result "1/2-1/2"]
[WhiteElo "1719"]
[BlackElo "1501"]
[PlyCount "76"]
[EventDate "2019.02.16"]
[EventType "tourn"]
[EventRounds "9"]
[EventCountry "USA"]
[SourceTitle "EXT 2023"]
[Source "ChessBase"]
[SourceDate "2022.10.05"]
[SourceVersion "1"]
[SourceVersionDate "2022.10.05"]
[SourceQuality "1"]

1. d4 d5 2. c4 e6 3. cxd5 exd5 4. Nc3 c6 5. Bf4 Nd7 6. e4 dxe4 7. Nxe4 Bb4+ 8. Nc3 Ngf6 9. a3 Be7 10. Bc4 0-0 11. Nf3 Nb6 12. Bb3 Nfd5 13. Be5 Nxc3 14. bxc3 Bf6 15. 0-0 Bg4 16. Re1 Bxe5 17. Rxe5 Qf6 18. h3 Bxf3 19. Qxf3 Qxf3 20. gxf3 Rfe8 21. Rae1 Kf8 22. R1e4 Rxe5 23. dxe5 Ke7 24. f4 g6 25. Kg2 c5 26. Kg3 Rd8 27. c4 Rd3+ 28. Re3 Rd4 29. Rc3 Nd7 30. Kf3 Nf8 31. Bc2 Ne6 32. Be4 b6 33. h4 Rd2 34. Bd3 Nd4+ 35. Kg3 Rd1 36. Kg2 Rd2 37. Kg3 Rd1 38. Kg2 Rd2 1/2-1/2

[Event "Washington State-chC"]
[Site "Redmond"]
[Date "2017.02.19"]
[Round "8"]
[White "Thomas, Damarcus T"]
[Black "Airapetian, Chouchanik"]
[Result "0-1"]
[WhiteElo "1702"]
[BlackElo "2008"]
[PlyCount "50"]
[EventDate "2017.02.11"]
[EventType "tourn"]
[EventRounds "9"]
[EventCountry "USA"]
[SourceTitle "EXT 2023"]
[Source "ChessBase"]
[SourceDate "2022.10.05"]
[SourceVersion "1"]
[SourceVersionDate "2022.10.05"]
[SourceQuality "1"]

1. e4 e5 2. Nf3 Nc6 3. Bb5 a6 4. Ba4 Nf6 5. 0-0 Nxe4 6. Re1 Nc5 7. Bxc6 dxc6 8. Nxe5 Ne6 9. Qg4 Bc5 10. Nd3 Bb6 11. Qxg7 Qd4 12. Re5 Rf8 13. b3 f6 14. Ba3 c5 15. Re1 Bd7 16. Bb2 Qh4 17. g3 Qg5 18. Qxh7 0-0-0 19. h4 Qg4 20. Qe4 Qg8 21. c4 f5 22. Qe5 f4 23. Nc3 Nd4 24. Qe7 fxg3 25. f4 Bf5 0-1

[Event "Washington State-chC"]
[Site "Redmond"]
[Date "2017.02.18"]
[Round "5"]
[White "Thomas, Damarcus T"]
[Black "Kuhner, Mary"]
[Result "1/2-1/2"]
[WhiteElo "1702"]
[BlackElo "1858"]
[PlyCount "126"]
[EventDate "2017.02.11"]
[EventType "tourn"]
[EventRounds "9"]
[EventCountry "USA"]
[SourceTitle "EXT 2023"]
[Source "ChessBase"]
[SourceDate "2022.10.05"]
[SourceVersion "1"]
[SourceVersionDate "2022.10.05"]
[SourceQuality "1"]

1. e4 e6 2. d4 d5 3. exd5 exd5 4. c4 Nf6 5. Nf3 Be7 6. cxd5 Nbd7 7. Bb5 0-0 8. 0-0 Nb6 9. Nc3 Nbxd5 10. h3 h6 11. Bc4 Nb6 12. Bb3 c6 13. Bf4 Nbd5 14. Be5 Be6 15. Re1 Qa5 16. Rc1 Rfd8 17. Bg3 Bf8 18. a3 Rac8 19. Qd2 Nh5 20. Bh4 Re8 21. Re5 Nhf4 22. Bc2 Ng6 23. Bxg6 fxg6 24. Rce1 Bf7 25. Bg3 Rxe5 26. dxe5 Nxc3 27. e6 Bxe6 28. Rxe6 Qd5 29. Qxd5 Nxd5 30. Rxg6 Nf6 31. Be5 Kh7 32. Nh4 Ne8 33. Rg3 Rd8 34. f4 Rd1+ 35. Kf2 Bc5+ 36. Ke2 Rd5 37. Rd3 Rxd3 38. Kxd3 Nf6 39. g4 Nd5 40. Nf3 Kg8 41. Nd2 Be3 42. f5 Bg5 43. Ne4 Nf4+ 44. Bxf4 Bxf4 45. b3 Bc1 46. a4 Ba3 47. Kc4 Kf7 48. b4 Ke7 49. Nc5 b6 50. Nd3 a5 51. bxa5 bxa5 52. Nc5 Kf6 53. Nb3 Bb4 54. Nd4 c5 55. Ne6 g6 56. Nxc5 gxf5 57. gxf5 Kxf5 58. Kb5 Kg5 59. Nb3 Kh4 60. Nxa5 Be1 61. Nc6 Kxh3 62. Kc4 Kg3 63. Kd3 h5 1/2-1/2